000 00350nam a22001217a 4500
040 _cNust
082 _a355.95491
_bNOO
100 _aNoor A. Hussain
_946856
245 _aFifty Years of of Pakistan Army 1947-1997
260 _aRawalpindi:
_bISPR Publishers,
_c1998.
650 _aFifty Years of of Pakistan Army 1947-1997
_9127262
942 _2ddc
_cBK
999 _c612456
_d612456